00846nam a2200229 a 450000100060000000300080000600500170001400800410003103500190007204000270009104100080011808200270012624500870015326000600024030000370030049000360033750001390037350400290051265000220054165000220056370000310058555539BD-RjUL20211209080259.0161119r1968 ilua b 000 0 eng  a(BD-RjUL)55662 aDLCcDLCdBD-RjULbeng aeng00223a153.752b NEU 196804aThe Neuropsychology of spatially oriented behavior /cSanford J. Freedman, editor. aHomewood, Ill., ;bDorsey Press,c1968 [Perinting 1968] axiii, 290 p. :billus. ;c24 cm.0 aThe Dorsey series in psychology aOutgrowth of a symposium sponsored by the U.S. Vocational Rehabilitation Administration and held at Tufts University 22-24 June, 1966. aIncludes bibliographies. 0aSpace perception. 0aSpatial behavior.1 aFreedman, Sanford J.,eed.